1158 1290 1633 1812 1712 1179 1468 1962 1546 1334 1721 1192 1471 1980 1189 1787 1333 1933 1826 1960 1324 1459 1516 1063 1307 1641 1380 1720 1431 1700 1397 1969 1562 1696 1645 1925 1796 1761 1805 1374 1220 1139 1848 1452 1558 1901 1637 1685 1769 1587 1037 1383 1895 1144 1967 1811 1533 1788 1810 1660 1391 1322 1429 1228 1389 1612 1326 1259 1138 1921 1921 1293 1682 1835 1321 1860 1054 1741 1189 1682 1783 1004 1289 1330 1667 1533 1983 1041 1907 1155 1370 1940 1196 1909 1648 1965 1886 1541 1232 BCNSPRNW ULIB Ver.6.0+V

เปลี่ยนเป็นภาษาไทย

Change to English
 แสดงรายละเอียดบรรณานุกรม
  กลับหน้าหลัก

Brief Record : Get Marc (ISO 2709) : E-mail record : QR code < ปิดหน้าต่าง
LEADER : 00000nam 2200000uu 4500
001    13399109953
003     ULIB
008    110419s2541||||th 000 0 tha d
020    9747803526
060 04 WE883^bส233ค 2541
245 00 ความผิดปกติของเท้าทางออร์โธปิดิคส์ =^bFoot disorders inorthopaedics /^cบรรณาธิการ, สมชัย ปรีชาสุข
246 31 Foot disorders in orthopaedics
250    พิมพ์ครั้งที่ 1
260    กรุงเทพฯ :^bภาควิชาออร์โธปิดิคส์คณะแพทยศาสตร์โรงพยาบาลรามาธิบดี มหาวิทยาลัยมหิดล,^c2541
300    166 หน้า :^bภาพประกอบ ;^c26 ซม.
650  2 Foot^xdisorders
650  2 Othopaedics
650  2 Podiatry
650  7 เท้า^xความผิดปกติ
650  7 ศัลยกรรมกระดูก
700 0  สมชัย ปรีชาสุข,^eบรรณาธิการ
710 2  มหาวิทยาลัยมหิดล. ^bคณะแพทยศาสตร์โรงพยาบาลรามาธิบดี.^bภาควิชาออร์โธปิดิคส์
945    ^p350^l0^i010624
945    ^p350^l0^i010623
945    ^p350^l0^i010622
945    ^p350^l0^i010620
945    ^p350^l0^i010621
995    ทศพร
999 ^a ใช้งานได้ทุกระบบ
รายการนี้ยังไม่มีแท็ก
คุณยังไม่ได้ล็อกอิน คุณสามารถมีกิจกรรมร่วมกับเว็บไซต์ได้ แต่ต้องล็อกอินก่อน ::
  ล็อกอิน

รายการสื่อสารสนเทศ

ลำดับที่ ประเภท เลขเรียก/บาร์โค้ด สถานที่ สถานะ
- ไม่พบข้อมูล -

รายการใกล้เคียง
    หัวเรื่อง [ศัลยกรรมกระดูก]

BibComment


ยังไม่เคยถูกคอมเมนท์

คอมเมนท์ทรัพยากรรายการนี้
  คอมเมนท์: ความผิดปกติของเท้..


 Copyright 2026. Bcnsprnw @Library